000 00785nam a22002297a 4500
003 UA-OsUOA
001 54689
007 ta
008 20080707b un ||||| |||| 00| 0 ukr d
090 _a347.454.5
_bУ75
942 _cBK
040 _aUA-OsUOA
_brus
_cUA-OsUOA
_dUA-OsUOA
245 _aУслуги: проблемы правового регулирования и судебной практики
_bСборник научно-практических статей
_cКачур Н. Ф., Кратенко М. В., Мальтов С. Н.
300 _a240 с.
955 _a2
041 _arus
080 _a347.454.5
020 _a978-5-466-00237-9
260 _aМ.
_c2007
650 7 _a347 Цивільне право. Судовий устрій
_2UDC
999 _c340765
_d340765